000 00667nam a2200193Ia 4500
003 GCL
008 140319s9999 xx 000 0 ara d
040 _aGCL /
_cGCL
082 0 4 _a370.62
_bا ت
100 1 _aاحمد اسماعيل حجى
245 1 0 _aالتعليم فى مصر : ماضيه, حاضره ومستقبله /
_cاحمد اسماعيل حجى
300 _a445 ص
490 _aالهيئة العامة للاستعلامات
_v0
650 0 4 _aالتعليم
650 0 4 _aالتعليم - مصر
650 0 4 _aالتعليم - مصر - العصر القديم
650 0 4 _aالتعليم - مصر - العصر الحديث
942 _2ddc
_cBK
999 _c49180
_d49180